banner koha

Amanhecer / (Registro n. 259834)

MARC details
000 -LÍDER
Campo de controle fixo 00580nam a22002417a 4500
003 - CÓDIGO MARC DA AGÊNCIA CATALOGADORA
Campo de controle BR-BrBNA
005 - DATA E HORA DA ÚLTIMA ATUALIZAÇÃO
Campo de controle 20231205171854.0
008 - CAMPO DE TAMANHO FIXO
Campo fixo de controle 231205b bl.||||| |||| 00| 0 por d
020 ## - ISBN - INTERNATIONAL STANDARD BOOK NUMBER
ISBN 9788598078465
040 ## - FONTE DA CATALOGAÇÃO
Agência catalogadora BR-BrBNA
Idioma da catalogação por
041 ## - CÓDIGO DO IDIOMA
Código do Idioma por
072 ## - CATEGORIA DE CLASSIFICAÇÃO
Código da categoria de assunto S89
100 ## - ENTRADA PRINCIPAL - NOME PESSOAL
Nome pessoal Meyer, Stephenie.
245 ## - TÍTULO PRINCIPAL
Título principal Amanhecer /
260 ## - IMPRENTA (PUBLICAÇÃO, DISTRIBUIÇÃO, ETC.)
Lugar de publicação, distribuição, etc. Rio de Janeiro - RJ:
Nome do editor, distribuidor, etc. Intrísica,
Data de publicação, distribuição, etc 2009.
300 ## - DESCRIÇÃO FÍSICA
Extensão 567 p.
650 ## - ASSUNTO
Cabeçalho tópico ou nome geográfico LITERATURA INFANTO-JUVENIL
650 ## - ASSUNTO
Cabeçalho tópico ou nome geográfico FICÇÃO
650 ## - ASSUNTO
Cabeçalho tópico ou nome geográfico ROMANCE
909 ## - IDENTIFICAÇÃO DO CATALOGADOR
Ano e mês da catalogação (aaaamm) 12/2023
Identificação do catalogador Sarah
942 ## - TIPO ESPECÍFICO
Tipo de material Livros
Exemplares
Status de empréstimo Fonte de classificação Status de danificação Não pode ser emprestado Código da coleção Localização permanente Localização atual Localização na estante Total Checkouts Número de chamada Código de barras Date last seen Tipo de material Perdido Data de aquisição Fonte de aquisição Qualificador de localização codificada Preço Número de inventário Preço para reposição Preço efetivo a partir de
  Classificação AGRIS     Acervo Cultural Espaço Ceres - QVT/MAPA Espaço Ceres - QVT/MAPA Acervo Cultural   S88 BS2023000371 2023-437043 05/12/2023 Livros       S88        

BINAGRI

Telefone: (61)3218-2567/2388/3357/2097 - binagri@agro.gov.br

Ministério da Agricultura e Pecuária , Esplanada dos Ministérios, Bloco D, Anexo B, Brasília/DF, CEP: 70.043-900